000 00292nam a2200121Ia 4500
005 20250409180903.0
008 250409s9999||||xx |||||||||||||| ||und||
100 _aACHUTHA MENON, C
245 0 _aUPANYASAMAALIKA
260 _bD C BOOKS,
_aKOTTAYAM:
650 _vMalayalam Essays
942 _cBOOK
999 _c1890
_d1890